MARC details
| 000 -CABECERA |
| campo de control de longitud fija |
01599nam a2200301 a 4500 |
| 003 - IDENTIFICADOR DEL NÚMERO DE CONTROL |
| campo de control |
DO-SdBNP |
| 005 - FECHA Y HORA DE LA ÚLTIMA TRANSACCIÓN |
| campo de control |
20240319121127.0 |
| 007 - CAMPO FIJO DE DESCRIPCIÓN FÍSICA--INFORMACIÓN GENERAL |
| campo de control de longitud fija |
ta |
| 008 - DATOS DE LONGITUD FIJA--INFORMACIÓN GENERAL |
| campo de control de longitud fija |
221117e2013 dr aoc|gr|||| 001 0 spa d |
| 020 ## - NÚMERO INTERNACIONAL ESTÁNDAR DEL LIBRO |
| Número Internacional Estándar del Libro |
9788582567500 |
| 040 ## - FUENTE DE LA CATALOGACIÓN |
| Centro catalogador/agencia de origen |
DO-SdBNP |
| Lengua de catalogación |
spa |
| Centro/agencia transcriptor |
BNPHU |
| 082 #4 - NÚMERO DE LA CLASIFICACIÓN DECIMAL DEWEY |
| Número de edición |
22 |
| Número de documento/Ítem |
C758u |
| 245 13 - MENCIÓN DE TÍTULO |
| Título |
La construcción de una mirada = A contrucâo de um olhar |
| Resto del título |
fotografía brasileña en el acervo de la Pinacoteca de Estado de Sâo Paulo = fotografía brasileira no acervo da Pinacoteca do Estado Sâo Paulo |
| Mención de responsabilidad, etc. |
Presentación, Rafael E. Yunén, Ivo Mesquita; Editor, Julia Souza Ayerbe; Traducción, Cristiane Grando; Fotografías, Isabella Matheus |
| 260 ## - PUBLICACIÓN, DISTRIBUCIÓN, ETC. |
| Lugar de publicación, distribución, etc. |
Santiago de los Caballeros, República Dominicana, |
| Nombre del editor, distribuidor, etc. |
Centro León, |
| Fecha de publicación, distribución, etc. |
2013 |
| 300 ## - DESCRIPCIÓN FÍSICA |
| Extensión |
148 p. : |
| Otras características físicas |
il., fotgr., retr. ; |
| Dimensiones |
28 cm. |
| 520 ## - SUMARIO, ETC. |
| Sumario, etc. |
Pesentación. Apresentaçâo. / Centro León / Pinacoteca do Estado de Sâo Paulo.--<br/>Estridente naturaleza humanizada. Berrante natureza humanizada. / Diógenes Moura.--<br/>Biografía de los fotógrafos. Biografías dos fotógrafos--<br/>Relación de obras. relaçâo de obras.<br/>Créditos. |
| 590 ## - NOTA LOCAL (RLIN) |
| Nota local |
Inventariado 2022 / MF |
| 650 #4 - PUNTO DE ACCESO ADICIONAL DE MATERIA--TÉRMINO DE MATERIA |
| 9 (RLIN) |
52295 |
| Término de materia o nombre geográfico como elemento de entrada |
Fotografía Artística |
| Subdivisión de forma |
exposición |
| Subdivisión geográfica |
Brasil |
| 650 #4 - PUNTO DE ACCESO ADICIONAL DE MATERIA--TÉRMINO DE MATERIA |
| 9 (RLIN) |
77492 |
| Término de materia o nombre geográfico como elemento de entrada |
Fotografías |
| Subdivisión geográfica |
Brasil |
| 700 12 - PUNTO DE ACCESO ADICIONAL--NOMBRE DE PERSONA |
| Nombre de persona |
Yunén, Rafael Emilio |
| Fechas asociadas al nombre |
1952- |
| Término indicativo de función/relación |
present. |
| 9 (RLIN) |
2304 |
| 700 #2 - PUNTO DE ACCESO ADICIONAL--NOMBRE DE PERSONA |
| Nombre de persona |
Mesquita, Ivo |
| Término indicativo de función/relación |
present |
| 9 (RLIN) |
82848 |
| 700 2# - PUNTO DE ACCESO ADICIONAL--NOMBRE DE PERSONA |
| Nombre de persona |
Souza Ayerbe, Julia |
| Término indicativo de función/relación |
ed. |
| 9 (RLIN) |
82849 |
| 700 1# - PUNTO DE ACCESO ADICIONAL--NOMBRE DE PERSONA |
| Nombre de persona |
Grando, Cristiane, |
| Fechas asociadas al nombre |
1974- |
| Término indicativo de función/relación |
trad. |
| 9 (RLIN) |
24064 |
| 700 1# - PUNTO DE ACCESO ADICIONAL--NOMBRE DE PERSONA |
| Nombre de persona |
Matheus, Isabella |
| Término indicativo de función/relación |
trad. |
| 9 (RLIN) |
82850 |
| 710 2# - PUNTO DE ACCESO ADICIONAL--NOMBRE DE ENTIDAD CORPORATIVA |
| Nombre de entidad corporativa o nombre de jurisdicción como elemento de entrada |
Pinacoteca do Estado de Sâo Pablo (Brasil). |
| 9 (RLIN) |
82851 |
| 910 ## - DATOS DE OPCIÓN DEL USUARIO (OCLC) |
| Datos de opción del usuario |
MFeliz |
| 942 ## - ELEMENTOS DE PUNTO DE ACCESO ADICIONAL (KOHA) |
| Fuente del sistema de clasificación o colocación |
Dewey Decimal Classification |
| Tipo de ítem Koha |
Libro |